MARC

LEADER 00000nam0a2200000 4500
001 269338
005 20231031224423.0
035 |a (RuTPU)RU\TPU\book\292512 
090 |a 269338 
100 |a 20140917d1987 m y0rusy50 ca 
101 0 |a rus 
102 |a RU 
105 |a a j 000zy 
200 1 |a Ревизия и контроль в промышленности  |e учебник для вузов  |f И. А. Белобжецкий 
210 |a Москва  |c Финансы и статистика  |d 1987 
215 |a 294 с.  |c ил. 
606 1 |a Промышленные предприятия  |x Ревизия и контроль  |2 stltpush  |3 (RuTPU)RU\TPU\subj\52660 
610 1 |a учебные пособия 
610 1 |a классификация 
610 1 |a производственные объединения 
610 1 |a финансово-хозяйственные операции 
610 1 |a денежные средства 
610 1 |a товарно-материальные ценности 
610 1 |a себестоимость 
610 1 |a учет 
610 1 |a отчетность 
675 |a 657.6(075.8)  |v 3 
700 1 |a Белобжецкий  |b И. А.  |g Израиль Абрамович 
801 1 |a RU  |b 63413507  |c 20140917 
801 2 |a RU  |b 63413507  |c 20160520  |g RCR 
942 |c BK